| 000 | 00419nam a2200169Ia 4500 | ||
|---|---|---|---|
| 008 | 230524s9999 xx 000 0 und d | ||
| 020 | _a9788173710285 | ||
| 082 |
_a671.53 _bKUP |
||
| 100 | _aG Kuppuswamy | ||
| 245 | 0 | _aPrinciples of Metal Cutting | |
| 250 | _a1 | ||
| 260 |
_aHyderabad _bUniversities Press _c2013 |
||
| 300 | _a"ix,233p;" | ||
| 500 | _aQuantity Number: 30 | ||
| 650 | _aMechanical | ||
| 942 | _cBK | ||
| 999 |
_c54720 _d54720 |
||